000 01003nam a2200313 c 4500
999 _c186709
_d186709
003 BLK
005 20250402144428.0
008 180411b bul|||||r ||||||| ||bul||
010 _aKNG00195705000
040 _aBLK
041 _aBUL
_cBUL
080 _aБългарска литература
_b821.163.2
_x-32
_z821.163.2-32
100 1 _aПасков, Виктор Маринов
_9372443
139 _aПасков, Виктор Маринов
_bП 25
245 1 0 _aБалада за Георг Хених
_bПовест
_cВиктор Маринов Пасков.
257 _aBGR
260 _aСофия
_bБълг. писател
_c1987
300 _a175 с.
_c20 см
380 _aX
490 _aГласове
_9205550
500 _a18 112 тир.
852 _aЦб І 23693
856 4 _qpdf
856 4 _qpdf
942 _cKNG
_n0
_010
_s1
944 _aCR
_c10.11.2016
_k30531
_lЦветелина Шанова
944 _aED
_c10.11.2016
_kКети_Илиева
999 _d186709